000 00958nam a2200277 c 4500
003 BLK
005 20190913121205.0
008 180911b bul|||||r ||||||| ||bul||
010 _a002277
040 _aBLK
041 _aBUL
080 _z886.7-1
100 1 _aСЛАВЕЙКОВ, Пенчо
_eпърви автор
245 0 0 _aКнига на песните
246 _aБълг. нар. песни отбрани от Пенчо Славейков
_pлирика-народни песни
260 _aСофия
_bХемус
_c1941
_fИзгрев
300 _a520 с
_c18 см
380 _a82
490 _aЧастна колекция - Академик Михаил Арнаудов
_gДарение - Основен фонд
653 _9
_aлирика
653 _9
_aнародни песни
650 _aПоезия
655 _aбългарска литература
852 _aМА 1521
942 _cKNG
_n0
944 _aCR
_c1996
_kValK
999 _c342625
_d342625